| 000 | 01414cam a22002533a 4500 | ||
|---|---|---|---|
| 001 | 21286 | ||
| 003 | PGUSA | ||
| 005 | 20140828083443.0 | ||
| 008 | 070504s2007||||xxu|||||s|||||000 1 eng d | ||
| 040 |
_aPGUSA _beng |
||
| 042 | _adc | ||
| 050 | 4 | _aPZ | |
| 100 | 1 |
_aBurgess, Thornton W. _q(Thornton Waldo), _d1874-1965 |
|
| 245 | 1 | 0 |
_aMother West Wind "How" Stories _h[electronic resource] / _cThornton W. Burgess |
| 260 |
_bProject Gutenberg, _c2007 |
||
| 505 | 0 | _aHow old King Eagle won his white head -- How old Mr. Mink taught himself to swim -- How old Mr. Toad learned to sing -- How old Mr. Crow lost his double tongue -- How Howler the Wolf got his name -- How old Mr. Squirrel became thrifty -- How Lightfoot the Deer learned to jump -- How Mr. Flying Squirrel almost got wings -- How Mr. Weasel was made an outcast -- Ho the eyes of old Mr. Owl became fixed -- How it happens Johnny Chuck sleeps all winter -- How old Mr. Otter learned to slide -- How Drummer the Woodpecker came by his red cap -- How old Mr. Tree Toad found out how to climb -- How old Mr. Heron learned patience -- How Tufty the Lynx happens to have a stump of a tail. | |
| 506 | _aPublic domain in the USA. | ||
| 516 | _aElectronic text | ||
| 653 | _aAnimals -- Juvenile fiction | ||
| 700 | 1 |
_aCady, Harrison, _d1877-1970 |
|
| 830 | 0 |
_aProject Gutenberg _v21286 |
|
| 856 | 4 | 0 | _uhttp://www.gutenberg.org/ebooks/21286 |
| 942 | _cEB | ||
| 999 |
_c250541 _d250541 |
||